000
00326nam a2200133Ia 4500
008
220204s9999 xx 000 0 und d
082
_a
678.5:62
_b
BEC
100
_a
Beck, Ronald D
245
0
_a
Plastic product design
250
_a
Ed.2
260
_a
New York
_b
Van Nostrand
_c
1980
650
_a
Plastic products
942
_c
BK
999
_c
36016
_d
36016